00889nam a2200277 u 450000100070000000500170000700800410002403500110006503500210007604000130009704100080011008000070011810000330012524500550015826000440021330000180025765000200027565000300029565000240032565000220034965000180037165000320038994200090042199900170043095201640044715165620260506075354.0971128s1895 fre  a151656 a(OCoLC)778001696 ccomduadb afre aWJ10aRochet, V.4auteaut931772810aChirurgie de l'urethre de la vessie de la prostate aFrancia :bG. Steinheil Editeur,c1895. a286 páginas aUrologia937023 aSistema urogenital938733 aHipospadias9169305 aPróstata919773 aUretra918392 7aCirugia general2dcs913815 cBOOK c72133d72133 001040708HIS. MEDICaBMbBMd1997-11-28eMaterial adquirido por donacióniC207638l0oWJ R6-895p61000000567996r2023-04-21 00:00:00t1w2023-04-21yBOOKI